Financial Planning for Doctors/ (Record no. 192804)

MARC details
000 -LEADER
fixed length control field 00542nam a22001817a 4500
005 - DATE AND TIME OF LATEST TRANSACTION
control field 20221004170239.0
010 ## - LCCN (DPL NO)
LC control number ENG-135303
020 ## - INTERNATIONAL STANDARD BOOK NUMBER
Terms of availability 499.00
International Standard Book Number 9788190647946
035 ## - SYSTEM CONTROL NUMBER
System control number EN-118835
037 ## - SOURCE OF ACQUISITION
Source of stock number/acquisition DBAD/PUB
082 ## - DEWEY DECIMAL CLASSIFICATION NUMBER
Classification number 336.1
100 ## - MAIN ENTRY--PERSONAL NAME
Personal name Pandit,Amar
245 ## - TITLE STATEMENT
Title Financial Planning for Doctors/
Statement of responsibility, etc by Amar Pandit
260 ## - PUBLICATION, DISTRIBUTION, ETC. (IMPRINT)
Place of publication, distribution, etc New Delhi
Name of publisher, distributor, etc Network18 Publications
Date of publication, distribution, etc 2009
270 ## - ADDRESS
Address 507,Prabhat Kiran,17 Rajendra Place,
City New Delhi
Postal code 110008
300 ## - PHYSICAL DESCRIPTION
Extent 337p.:
Dimensions 21cm(Hb)
Other physical details illus.
942 ## - ADDED ENTRY ELEMENTS (KOHA)
Source of classification or shelving scheme Dewey Decimal Classification
Item type English Books
Call number suffix PAN
Classification part 336.1
Holdings
Withdrawn status Lost status Not for loan Collection code Home library Current library Date acquired Source of acquisition Cost, normal purchase price Full call number Barcode Copy number Cost, replacement price Koha item type
      Non-fiction Bawana Bawana 04/10/2022 DBAD/PUB 499.00 336.1 PAN EN-118835 1 499.00 English Books

© Delhi Public Library
Hit Counter
free hit counter